|
|
|
|
| LEADER |
00000nam0a2200000 4500 |
| 001 |
192637 |
| 005 |
20231031181431.0 |
| 010 |
|
|
|a 5230192860
|
| 020 |
|
|
|a RU
|b 90-60309
|
| 035 |
|
|
|a (RuTPU)RU\TPU\book\210056
|
| 090 |
|
|
|a 192637
|
| 100 |
|
|
|a 20110304d1990 k y0rusy5003 ca
|
| 101 |
0 |
|
|a rus
|
| 105 |
|
|
|a a z 001zy
|
| 200 |
1 |
|
|a Математическое и программное обеспечение интегрированных САПР электронных и электромеханических устройств
|e сборник научных трудов
|f Тверской политехнический институт ; отв. ред. Н. М. Караваева
|
| 210 |
|
|
|a Тверь
|c Твер. ПТИ
|d 1990
|
| 215 |
|
|
|a 130 с.
|c ил.
|d 20 см
|
| 320 |
|
|
|a Библиогр. в конце статей
|
| 610 |
1 |
|
|a радиоэлектронная аппаратура
|
| 610 |
1 |
|
|a электромеханические системы
|
| 610 |
1 |
|
|a проектирование
|
| 610 |
1 |
|
|a автоматизация
|
| 610 |
1 |
|
|a интегрированные автоматизированные системы
|
| 610 |
1 |
|
|a интегрированные САПР
|
| 610 |
1 |
|
|a математические модели
|
| 610 |
1 |
|
|a интеллектуальные средства
|
| 610 |
1 |
|
|a диалоговые средства
|
| 675 |
|
|
|a 621.396.6.001.63
|z rus
|v 3
|
| 702 |
|
1 |
|a Караваева
|b Н. М.
|g Нина Михайловна
|4 340
|
| 712 |
0 |
2 |
|a Тверской политехнический институт
|2 stltpush
|3 (RuTPU)RU\TPU\col\13946
|
| 801 |
|
0 |
|a RU
|b RuMRKP
|c 19950417
|g psbo
|
| 801 |
|
1 |
|a RU
|b 63413507
|c 20110304
|
| 801 |
|
2 |
|a RU
|b 63413507
|c 20110316
|g RCR
|
| 942 |
|
|
|c BK
|